[Event "La Fere op 5th"]
[Site "La Fere"]
[Date "2006.07.13"]
[Round "8"]
[White "Bosch, Joachim"]
[Black "Mathieu, Romaric"]
[Result "1-0"]
[WhiteElo "2035"]
[BlackElo "2003"]
[PlyCount "97"]
[EventDate "2006.07.08"]
[EventType "swiss"]
[EventRounds "9"]
[EventCountry "FRA"]
[SourceTitle "CBM 113 Extra"]
[Source "ChessBase"]
[SourceDate "2006.09.14"]
[SourceVersion "1"]
[SourceVersionDate "2006.09.14"]
[SourceQuality "1"]

1. d4 Nf6 2. c4 e6 3. Nc3 d5 4. Bg5 Bb4 5. Qb3 a5 6. a3 Bxc3+ 7. bxc3 c6 8. e3 h6 9. Bh4 Nbd7 10. Nf3 0-0 11. Bd3 b6 12. 0-0 Ba6 13. a4 Bxc4 14. Bxc4 dxc4 15. Qxc4 Qc7 16. Rab1 Rac8 17. Qb3 c5 18. Bxf6 Nxf6 19. Qxb6 cxd4 20. cxd4 Nd5 21. Qxc7 Rxc7 22. Rb5 Nc3 23. Rxa5 Rc4 24. Ra1 Rfc8 25. g3 Ne4 26. Re5 Rc1+ 27. Rxc1 Rxc1+ 28. Kg2 Nf6 29. h3 Ra1 30. a5 Ra2 31. Ne1 Nd5 32. Nd3 Rxa5 33. e4 Ra3 34. exd5 Rxd3 35. dxe6 fxe6 36. Re4 e5 37. dxe5 Kf7 38. Re3 Rd5 39. f4 g6 40. Kf3 Ke6 41. Kg4 Rd1 42. Rb3 Re1 43. Rb6+ Kf7 44. Rb7+ Kg8 45. h4 Re2 46. h5 g5 47. fxg5 hxg5 48. Kf5 Re3 49. g4 1-0

[Event "La Fere op 5th"]
[Site "La Fere"]
[Date "2006.07.09"]
[Round "2"]
[White "Feryn, Alexandre"]
[Black "Bosch, Joachim"]
[Result "0-1"]
[WhiteElo "1877"]
[BlackElo "2035"]
[PlyCount "74"]
[EventDate "2006.07.08"]
[EventType "swiss"]
[EventRounds "9"]
[EventCountry "FRA"]
[SourceTitle "CBM 113 Extra"]
[Source "ChessBase"]
[SourceDate "2006.09.14"]
[SourceVersion "1"]
[SourceVersionDate "2006.09.14"]
[SourceQuality "1"]

1. e4 c5 2. Nf3 e6 3. d4 cxd4 4. Nxd4 a6 5. Nc3 Qc7 6. Bd3 b5 7. a3 Bb7 8. 0-0 Nf6 9. Bg5 Be7 10. Qe2 d6 11. Rad1 0-0 12. f4 Qc5 13. Qf2 Ng4 14. Nxe6 Qxf2+ 15. Rxf2 Nxf2 16. Kxf2 Bxg5 17. Nxg5 Nd7 18. Nf3 Rfe8 19. Nd4 g6 20. Nb3 Nc5 21. Nxc5 dxc5 22. Nd5 Bxd5 23. exd5 c4 24. Be2 Rad8 25. Bf3 Rd6 26. g3 Kf8 27. c3 Ke7 28. Ke3 Kd7+ 29. Kd4 Kc7 30. Rd2 Kb6 31. Rd1 Rd7 32. a4 Rde7 33. a5+ Kxa5 34. Kc5 Rc7+ 35. Kd6 Kb6 36. Ra1 Ree7 37. Bg4 f5 0-1

[Event "La Fere op 5th"]
[Site "La Fere"]
[Date "2006.07.08"]
[Round "1"]
[White "Bosch, Joachim"]
[Black "Afek, Yochanan"]
[Result "0-1"]
[WhiteElo "2035"]
[BlackElo "2316"]
[PlyCount "38"]
[EventDate "2006.07.08"]
[EventType "swiss"]
[EventRounds "9"]
[EventCountry "FRA"]
[SourceTitle "CBM 113 Extra"]
[Source "ChessBase"]
[SourceDate "2006.09.14"]
[SourceVersion "1"]
[SourceVersionDate "2006.09.14"]
[SourceQuality "1"]

1. d4 Nf6 2. Nf3 g6 3. c4 Bg7 4. Nc3 0-0 5. e4 c5 6. d5 e5 7. Nxe5 Re8 8. Nd3 Nxe4 9. Nxe4 Rxe4+ 10. Be3 Rxc4 11. Nxc5 Qa5+ 12. Qd2 Rxc5 13. Bxc5 Qxc5 14. Rc1 Qf8 15. d6 Nc6 16. Be2 b6 17. 0-0 Bb7 18. b4 Re8 19. Bf3 Bh6 0-1

[Event "Bethune op 26th"]
[Site "Bethune"]
[Date "2005.12.27"]
[Round "3"]
[White "Gruca, Miroslav"]
[Black "Bosch, Joachim"]
[Result "1/2-1/2"]
[WhiteElo "2202"]
[BlackElo "2060"]
[PlyCount "91"]
[EventDate "2005.12.26"]
[EventType "swiss"]
[EventRounds "9"]
[EventCountry "FRA"]
[SourceTitle "CBM 110 Extra"]
[Source "ChessBase"]
[SourceDate "2006.03.10"]
[SourceVersion "2"]
[SourceVersionDate "2006.03.10"]
[SourceQuality "1"]

1. e4 c5 2. Nf3 e6 3. d4 cxd4 4. Nxd4 a6 5. Nc3 Qc7 6. Be3 Bb4 7. Qd2 Nf6 8. f3 d5 9. a3 Bxc3 10. bxc3 dxe4 11. c4 Nbd7 12. Be2 b6 13. f4 h5 14. h3 Nc5 15. Rb1 Rb8 16. 0-0 0-0 17. Qe1 Nb7 18. Nb3 Nd6 19. Bd4 Nfe8 20. Qc3 f6 21. Nd2 h4 22. Rb3 Bd7 23. c5 Nb5 24. Bxb5 Bxb5 25. Rfb1 bxc5 26. Qxc5 Rd8 27. c4 Ba4 28. R3b2 Qxf4 29. Be3 Qd6 30. Nxe4 Qxc5 31. Nxc5 Rd1+ 32. Rxd1 Bxd1 33. Nxe6 Rf7 34. Bc5 Rd7 35. Rb6 Be2 36. Rxa6 Bxc4 37. Rb6 Nc7 38. Nf4 Kf7 39. Rd6 Rxd6 40. Bxd6 Nd5 41. Nxd5 Bxd5 42. a4 Ke6 43. Bc5 Kf5 44. a5 Bb7 45. Kf2 g5 46. g3 1/2-1/2

[Event "Bethune op"]
[Site "Bethune"]
[Date "2005.07.07"]
[Round "7"]
[White "Bosch, Joachim"]
[Black "Lui, Eric"]
[Result "1/2-1/2"]
[WhiteElo "2030"]
[BlackElo "2033"]
[PlyCount "87"]
[EventDate "2005.07.02"]
[EventType "swiss"]
[EventRounds "9"]
[EventCountry "FRA"]
[SourceTitle "CBM 107 Extra"]
[Source "ChessBase"]
[SourceDate "2005.09.01"]
[SourceVersion "1"]
[SourceVersionDate "2005.09.01"]
[SourceQuality "1"]

1. d4 Nf6 2. c4 g6 3. Nc3 Bg7 4. e4 d6 5. Be2 0-0 6. Nf3 e5 7. 0-0 Na6 8. Rb1 exd4 9. Nxd4 Nc5 10. f3 a5 11. Be3 Re8 12. Na4 Nxa4 13. Qxa4 Nxe4 14. fxe4 Rxe4 15. Nc2 Rxe3 16. Nxe3 Bd4 17. Qb3 Qe7 18. Rf3 Bg4 19. Re1 Bxf3 20. Bxf3 Re8 21. Kf2 Qh4+ 22. Kf1 Qxe1+ 23. Kxe1 Rxe3+ 24. Qxe3 Bxe3 25. Bxb7 f5 26. Ke2 Bg1 27. h3 Kf7 28. a3 Kf6 29. b4 axb4 30. axb4 Ke5 31. b5 h5 32. g3 g5 33. g4 fxg4 34. hxg4 hxg4 35. Kf1 Bc5 36. Kg2 Kf4 37. Bd5 g3 38. Bc6 Bf2 39. Bd5 Ke3 40. Be6 Kd4 41. Bd5 g4 42. Be6 Be1 43. Bd5 Ke5 44. Bc6 1/2-1/2

[Event "Bethune op"]
[Site "Bethune"]
[Date "2005.07.03"]
[Round "2"]
[White "Roussel, Cyril"]
[Black "Bosch, Joachim"]
[Result "1/2-1/2"]
[WhiteElo "2089"]
[BlackElo "2030"]
[PlyCount "74"]
[EventDate "2005.07.02"]
[EventType "swiss"]
[EventRounds "9"]
[EventCountry "FRA"]
[SourceTitle "CBM 107 Extra"]
[Source "ChessBase"]
[SourceDate "2005.09.01"]
[SourceVersion "1"]
[SourceVersionDate "2005.09.01"]
[SourceQuality "1"]

1. d4 Nf6 2. c4 e6 3. Nf3 b6 4. a3 Bb7 5. Nc3 d5 6. cxd5 Nxd5 7. e3 c5 8. Bb5+ Bc6 9. Qa4 Bxb5 10. Qxb5+ Qd7 11. Qxd7+ Nxd7 12. Nxd5 exd5 13. Bd2 c4 14. 0-0 b5 15. b3 Bd6 16. Bb4 Ke7 17. e4 dxe4 18. Nd2 f5 19. bxc4 bxc4 20. Nxc4 Bxb4 21. axb4 Nb6 22. Ne5 Ke6 23. Rfd1 Rhd8 24. Nc6 Rd7 25. Ra5 Nd5 26. Rda1 Rb7 27. b5 Nc3 28. Nxa7 Ne2+ 29. Kf1 Nxd4 30. R1a4 Rd8 31. Ra6+ Kf7 32. b6 Ke6 33. Rc4 g6 34. Rc7 Rd7 35. Rxd7 Kxd7 36. Ra4 Ne6 37. Rb4 Kd6 1/2-1/2

[Event "Nord Pas de Cal-chT"]
[Site "Lille"]
[Date "2004.??.??"]
[Round "3.5"]
[White "Bosch, Joachim"]
[Black "Manet, Eric"]
[Result "1/2-1/2"]
[WhiteElo "1970"]
[BlackElo "2079"]
[PlyCount "71"]
[EventDate "2004.04.??"]
[EventType "team-swiss"]
[EventRounds "7"]
[EventCountry "FRA"]
[SourceTitle "EXT 2005"]
[Source "ChessBase"]
[SourceDate "2004.11.15"]
[SourceVersion "1"]
[SourceVersionDate "2004.11.15"]
[SourceQuality "1"]

1. d4 Nf6 2. c4 g6 3. Nc3 Bg7 4. e4 d6 5. Be2 0-0 6. Nf3 e5 7. 0-0 Nc6 8. d5 Ne7 9. b4 Nh5 10. Re1 f5 11. Bf1 Nf6 12. Bb2 Bh6 13. c5 fxe4 14. Nxe4 Bg4 15. Nxf6+ Rxf6 16. Be2 Qf8 17. Qb3 Bd7 18. Nxe5 dxe5 19. d6+ Be6 20. dxe7 Qf7 21. Qd3 Qxe7 22. Bxe5 Rff8 23. Qg3 Rac8 24. Bg4 Bxg4 25. Qxg4 Qf7 26. f3 Rce8 27. Re2 Rxe5 28. Rxe5 Bg7 29. Rae1 Bxe5 30. Rxe5 Qxa2 31. Qd4 Qb1+ 32. Kf2 Qa2+ 33. Kg3 Qf7 34. Qe4 Qf6 35. f4 Rf7 36. h3 1/2-1/2

[Event "FRA-chT3 Gr8 0203"]
[Site "France"]
[Date "2003.02.02"]
[Round "6"]
[White "Bosch, Joachim"]
[Black "Bertrand, Eric1111"]
[Result "1/2-1/2"]
[WhiteElo "1840"]
[BlackElo "1850"]
[PlyCount "74"]
[EventDate "2002.10.??"]
[EventType "team"]
[EventRounds "9"]
[EventCountry "FRA"]
[SourceTitle "EXT 2005"]
[Source "ChessBase"]
[SourceDate "2004.11.15"]
[SourceVersion "1"]
[SourceVersionDate "2004.11.15"]
[SourceQuality "1"]

1. d4 Nf6 2. c4 e6 3. Nf3 b6 4. Bg5 Bb7 5. e3 Be7 6. Nc3 d5 7. Be2 Nbd7 8. 0-0 c5 9. Rc1 cxd4 10. Nxd4 0-0 11. Bf3 Ne5 12. cxd5 Nxf3+ 13. Qxf3 Nxd5 14. Bxe7 Qxe7 15. Qe2 Rfd8 16. Rfd1 Rac8 17. Nxd5 Bxd5 18. a3 Qb7 19. Nf3 Bb3 20. Rxd8+ Rxd8 21. Nd4 Bd5 22. f3 e5 23. Nb5 a6 24. Nc3 Be6 25. Rd1 Rxd1+ 26. Qxd1 Qd7 27. Qxd7 Bxd7 28. Nd5 b5 29. Nb4 a5 30. Nd3 f6 31. Kf2 Kf7 32. e4 Ke7 33. Ke3 Kd6 34. b4 axb4 35. axb4 Be6 36. g3 Bc4 37. h3 g5 1/2-1/2

[Event "FRA-chT3 Gr8 0203"]
[Site "France"]
[Date "2003.01.19"]
[Round "5"]
[White "Sintive, Xavier"]
[Black "Bosch, Joachim"]
[Result "1-0"]
[WhiteElo "1840"]
[BlackElo "1840"]
[PlyCount "29"]
[EventDate "2002.10.??"]
[EventType "team"]
[EventRounds "9"]
[EventCountry "FRA"]
[SourceTitle "EXT 2005"]
[Source "ChessBase"]
[SourceDate "2004.11.15"]
[SourceVersion "1"]
[SourceVersionDate "2004.11.15"]
[SourceQuality "1"]

1. e4 c5 2. g3 Nc6 3. Bg2 g6 4. c3 Bg7 5. d3 d6 6. f4 f5 7. Nf3 e5 8. 0-0 Nh6 9. Qb3 Nf7 10. exf5 Na5 11. Qd5 Bxf5 12. Nh4 Qd7 13. Nxf5 Qxf5 14. fxe5 Qd7 15. e6 1-0

[Event "FRA-chT3 Gr8 0203"]
[Site "France"]
[Date "2002.10.13"]
[Round "1"]
[White "Bosch, Joachim"]
[Black "Miller, Vincent"]
[Result "0-1"]
[WhiteElo "1850"]
[BlackElo "2017"]
[PlyCount "80"]
[EventDate "2002.10.??"]
[EventType "team"]
[EventRounds "9"]
[EventCountry "FRA"]
[SourceTitle "EXT 2005"]
[Source "ChessBase"]
[SourceDate "2004.11.15"]
[SourceVersion "1"]
[SourceVersionDate "2004.11.15"]
[SourceQuality "1"]

1. d4 g6 2. e4 Bg7 3. Nf3 c5 4. Bc4 cxd4 5. Nxd4 Nc6 6. Nf3 Qb6 7. Bb3 Nf6 8. Nc3 0-0 9. 0-0 a5 10. Be3 Qd8 11. Qc1 b5 12. Nxb5 Nxe4 13. Bh6 a4 14. Bxg7 Kxg7 15. Bd5 Qb6 16. Nc7 Qxc7 17. Bxe4 Ba6 18. Rd1 e6 19. Bd3 Nb4 20. Bxa6 Rxa6 21. c4 f6 22. Qd2 Qxc4 23. Qxd7+ Rf7 24. Qd4 Qxd4 25. Nxd4 e5 26. a3 Nd5 27. Ne6+ Rxe6 28. Rxd5 Rc6 29. Rd2 Rb7 30. Kf1 Rcb6 31. Ra2 f5 32. Ke2 Kf6 33. Kd1 g5 34. Ke2 h5 35. f3 h4 36. g3 Ke6 37. gxh4 gxh4 38. Kf2 h3 39. Kf1 Rb3 40. Kf2 Rg7 0-1

[Event "Bethune op 22nd"]
[Site "Bethune"]
[Date "2001.12.30"]
[Round "7"]
[White "Lefebvre, Herve"]
[Black "Bosch, Joachim"]
[Result "1/2-1/2"]
[WhiteElo "1640"]
[BlackElo "1820"]
[PlyCount "85"]
[EventDate "2001.12.26"]
[EventType "swiss"]
[EventRounds "7"]
[EventCountry "FRA"]
[SourceTitle "CBM 085 Extra"]
[Source "ChessBase"]
[SourceDate "2002.01.21"]
[SourceVersion "1"]
[SourceVersionDate "2002.01.21"]
[SourceQuality "1"]

1. f4 d5 2. Nf3 Nf6 3. b3 g6 4. Bb2 Bg7 5. e3 c5 6. Be2 Qc7 7. Be5 Qd8 8. Bb5+ Bd7 9. Nc3 a6 10. Be2 Bc6 11. d4 cxd4 12. Bxd4 0-0 13. Qd2 Ne4 14. Nxe4 dxe4 15. Ne5 f6 16. Bc4+ Bd5 17. Bxd5+ Qxd5 18. Nc4 Nd7 19. Rd1 b5 20. Nb2 e5 21. Bc3 Qxd2+ 22. Rxd2 Rfc8 23. Bb4 Rc7 24. fxe5 Nxe5 25. Bd6 Rc6 26. Bxe5 fxe5 27. Ke2 Rac8 28. Rc1 Bf8 29. c4 Ba3 30. Kd1 Bxb2 31. Rxb2 bxc4 32. Rbc2 Kf8 33. Rxc4 Rxc4 34. Rxc4 Rxc4 35. bxc4 Ke7 36. Kd2 Kd6 37. a3 Kc6 38. h3 Kc5 39. Kc3 a5 40. Kb3 a4+ 41. Kc3 g5 42. g3 h5 43. g4 1/2-1/2

[Event "Bethune-C"]
[Site "Bethune"]
[Date "2001.??.??"]
[Round "?"]
[White "Bosch, Joachim"]
[Black "Lefebvre, Herve"]
[Result "1-0"]
[WhiteElo "1640"]
[BlackElo "1640"]
[PlyCount "125"]
[EventDate "2001.??.??"]
[EventType "tourn"]
[EventRounds "9"]
[EventCountry "FRA"]
[SourceTitle "EXT 2003"]
[Source "ChessBase"]
[SourceDate "2002.11.25"]
[SourceVersion "1"]
[SourceVersionDate "2002.11.25"]
[SourceQuality "1"]

1. d4 Nf6 2. c4 c6 3. Nc3 e6 4. Nf3 Be7 5. Bf4 0-0 6. e3 d6 7. Bd3 Nbd7 8. 0-0 Nh5 9. Bg3 Nxg3 10. hxg3 Re8 11. Qc2 Nf8 12. e4 Bd7 13. Nd2 Bf6 14. Ne2 e5 15. d5 Ng6 16. dxc6 bxc6 17. Nc3 Rb8 18. b3 Nf8 19. Nf3 Bg4 20. Nh2 Bd7 21. Nf3 Bg4 22. Nh2 Bd7 23. Be2 Ne6 24. Bg4 Nd4 25. Qd3 Bxg4 26. Nxg4 Be7 27. Ne3 Rf8 28. Ne2 Nxe2+ 29. Qxe2 Qc7 30. Rfd1 Rfd8 31. Rd3 Rd7 32. Rad1 Rbd8 33. Qd2 g6 34. b4 Kf8 35. c5 Ke8 36. cxd6 Rxd6 37. Rxd6 Rxd6 38. Qc3 Rxd1+ 39. Nxd1 Qd6 40. Ne3 Qxb4 41. Qxc6+ Kd8 42. Qa8+ Kd7 43. Qxa7+ Ke6 44. Qa6+ Kd7 45. Qd3+ Bd6 46. Nc4 Qc5 47. Qxd6+ Qxd6 48. Nxd6 Kxd6 49. Kf1 Kc5 50. Ke1 f5 51. exf5 gxf5 52. Ke2 h5 53. Ke3 Kc4 54. f3 Kc3 55. g4 hxg4 56. fxg4 fxg4 57. Ke4 Kb4 58. Kxe5 Ka3 59. Kf4 Kxa2 60. Kxg4 Kb3 61. Kf5 Kc4 62. g4 Kd5 63. Kf6 1-0